Normal view
MARC view
Entry Personal Name
001 - CONTROL NUMBER
- control field: 11992
003 - CONTROL NUMBER IDENTIFIER
- control field: OSt
005 - DATE AND TIME OF LATEST TRANSACTION
- control field: 20191007063057.0
008 - FIXED-LENGTH DATA ELEMENTS
- fixed length control field: 191007|| aca||aabn | a|a d
040 ## - CATALOGING SOURCE
- Original cataloging agency: OSt
- Transcribing agency: OSt
100 ## - HEADING--PERSONAL NAME
- Personal name: Maclean, Johanna Catherine
670 ## - SOURCE DATA FOUND
- Source citation: Work cat.: (OSt): Maclean, Johanna Catherine, The effect of public insurance expansions on substance use disorder treatment: Evidence from the affordable care Act
